Statistics for Detroit Metropolitan (DTW) Airport Destinations

Click here to take the quiz!

General Stats

  • This quiz has been taken 277 times
    (186 since last reset)
  • The average score is 88 of 130

Answer Stats

Airline/sDestination% Correct
Delta Airlines, Delta Connection, JetBlueNew York (John F. Kennedy)
95%
American Eagle, Delta Airlines, Spirit AirlinesNew York (LaGuardia)
95%
Delta Airlines, Spirit AirlinesLos Angeles
94%
American Airlines, Delta Airlines, Frontier Airlines, Spirit AirlinesMiami
94%
American Airlines, Delta Airlines, Spirit AirlinesDallas/Fort Worth
93%
Delta AirlinesLondon (Heathrow)
93%
Delta Airlines, Frontier Airlines, Southwest Airlines, Spirit AirlinesOrlando
93%
Air France, Delta AirlinesParis (Charles de Gaulle)
93%
Delta Airlines, United AirlinesSan Francisco
93%
Delta Airlines, Frontier Airlines, Spirit AirlinesAtlanta
92%
Delta Airlines, JetBlue, Spirit AirlinesBoston
92%
American Airlines, American Eagle, Delta AirlinesCharlotte
92%
Delta Connection, Southwest AirlinesChicago (Midway)
92%
American Eagle, Delta Airlines, Delta Connection, United ExpressChicago (O'Hare)
92%
Delta Airlines, Frontier Airlines, Southwest Airlines, Spirit Airlines, United AirlinesDenver
92%
Southwest AirlinesHouston (Hobby)
92%
Delta Airlines, Delta Connection, Spirit Airlines, United Airlines, United ExpressHouston (Intercontinental)
92%
Delta Airlines, Spirit AirlinesSan Diego
92%
Delta Airlines, Southwest Airlines, Spirit AirlinesTampa
92%
Delta Airlines, Spirit AirlinesAustin
91%
Delta ConnectionCleveland
91%
Alaska Airlines, Delta AirlinesSeattle/Tacoma
91%
Delta Connection, United ExpressWashington (Dulles)
90%
American Eagle, Delta AirlinesWashington (National)
90%
Delta AirlinesJacksonville (FL)
89%
Delta Airlines, Southwest AirlinesNashville
89%
American Airlines, Delta Airlines, Southwest Airlines, Spirit AirlinesPhoenix (Sky Harbor)
89%
Air Canada Express, Delta ConnectionToronto (Pearson)
89%
Delta ConnectionColumbus (Glenn)
88%
Delta Airlines, Spirit AirlinesNew Orleans
88%
American Airlines, American Eagle, Delta Airlines, Delta Connection, Spirit AirlinesPhiladelphia
88%
Delta ConnectionPortland (ME)
88%
Delta AirlinesPortland (OR)
88%
Delta Airlines, Delta ConnectionRaleigh/Durham
88%
Delta Airlines, Delta ConnectionSan Antonio
88%
Delta ConnectionIndianapolis
87%
Delta Airlines, Spirit AirlinesMinneapolis/Saint Paul
87%
Delta ConnectionCincinnati
86%
Delta Airlines, Frontier Airlines, Southwest Airlines, Spirit AirlinesLas Vegas
86%
Delta Airlines, Delta ConnectionPittsburgh
86%
Delta AirlinesAmsterdam
85%
Delta ConnectionMontreal (Trudeau)
85%
Delta ConnectionMemphis
84%
Delta Airlines, Delta ConnectionMilwaukee
84%
Delta Airlines, Delta Connection, Southwest AirlinesSaint Louis
84%
Delta AirlinesSan Jose (CA)
84%
Delta AirlinesSan Jose del Cabo
84%
Delta Airlines, Southwest Airlines, Spirit AirlinesBaltimore
83%
Delta Airlines, Delta Connection, United Airlines, United ExpressNewark
83%
Delta Airlines, Delta ConnectionBuffalo
82%
Delta Airlines, Spirit AirlinesKansas City
82%
Delta AirlinesSalt Lake City
82%
Delta ConnectionDes Moines
81%
Delta Airlines, Delta ConnectionAlbany (NY)
80%
Delta Airlines, LufthansaFrankfurt
80%
Delta ConnectionBirmingham (AL)
79%
Delta Airlines, Delta ConnectionGrand Rapids
79%
Delta AirlinesHonolulu
79%
Delta AirlinesMexico City
79%
Delta Airlines, Spirit AirlinesFort Lauderdale
77%
Delta ConnectionOklahoma City
77%
Delta AirlinesTokyo (Haneda)
77%
Delta AirlinesAnchorage
76%
Delta ConnectionLouisville
75%
Delta Airlines, Spirit AirlinesCancun
74%
Delta Airlines, Delta ConnectionMadison
73%
Delta ConnectionCharleston (SC)
72%
Delta AirlinesBeijing (Daxing)
71%
Delta Airlines, Southwest Airlines, Spirit AirlinesFort Myers
71%
Delta ConnectionOmaha
71%
Delta ConnectionRochester (NY)
71%
Delta ConnectionRichmond
70%
Delta ConnectionKnoxville
69%
Delta ConnectionSyracuse
69%
Royal JordanianAmman (Queen Alia)
68%
Delta AirlinesSeoul (Incheon)
68%
Delta Airlines, Delta ConnectionProvidence
67%
Delta ConnectionDayton
66%
Delta ConnectionLittle Rock
66%
Delta ConnectionGreen Bay
64%
Delta Airlines, Delta ConnectionHartford
63%
Delta ConnectionLansing
63%
Spirit AirlinesOakland
63%
Delta AirlinesShanghai (Pudong)
63%
Delta Airlines, Delta ConnectionSavannah
62%
Delta ConnectionFort Wayne
60%
Delta AirlinesSan Juan
60%
Delta ConnectionHarrisburg
59%
Delta ConnectionMarquette
59%
Delta ConnectionLexington
58%
Delta ConnectionNorfolk
58%
Delta ConnectionTraverse City
58%
Delta Connection, Spirit AirlinesMyrtle Beach
57%
Delta ConnectionCedar Rapids/Iowa City
55%
Delta AirlinesSarasota
54%
Delta ConnectionSouth Bend
53%
Delta ConnectionGreensboro
51%
Delta ConnectionKalamazoo
51%
Delta Airlines, Spirit AirlinesWest Palm Beach
51%
Delta AirlinesPunta Cana
49%
Delta ConnectionAppleton
47%
Delta ConnectionBurlington (VT)
47%
Delta ConnectionEvansville
47%
Delta Airlines, Spirit AirlinesMontego Bay
47%
Delta ConnectionAllentown
44%
Delta ConnectionHuntsville
44%
Delta Airlines, Delta ConnectionGreenville/Spartanburg
43%
Delta ConnectionChattanooga
42%
Delta AirlinesOrange County
42%
Delta ConnectionSaginaw
41%
Frontier AirlinesTrenton
38%
Delta AirlinesBozeman
37%
Delta ConnectionBangor
35%
Delta AirlinesJackson Hole
35%
Delta ConnectionWhite Plains
34%
Delta ConnectionAlpena
33%
Delta ConnectionSault Ste. Marie (MI)
32%
Delta AirlinesMonterrey
31%
Delta ConnectionBloomington/Normal
30%
Delta ConnectionRapid City
30%
Delta ConnectionLa Crosse
28%
Delta ConnectionIthaca
27%
Delta ConnectionEscanaba (MI)
23%
Delta ConnectionState College
21%
Delta ConnectionIron Mountain
20%
Delta AirlinesNagoya (Centrair)
20%
Delta ConnectionBinghamton
18%
Delta ConnectionMosinee/Wausau
16%
Delta ConnectionPellston
16%
Delta ConnectionElmira (NY)
15%

Score Distribution

Percentile by Number Answered

Percent of People with Each Score

Your Score History

You have not taken this quiz since the last reset